[Event "Êîìàíäíîå ïåð-âî ÐÔ 2012 ã. ïî êëàññè÷åñêèì øàõìàòàì "]
[Site "Ðûáèíñê"]
[Date "2012.08.02"]
[Round "1.81"]
[White "Çóáêîâ Âñåâîëîä "]
[Black "Ìàðòûíîâ Ïàâåë "]
[Result "0-1"]
[WhiteElo "1928"]
[BlackElo "2289"]
[Annotator ""]
[Source ""]
[Remark ""]

1.e4 c5 2.Nf3 e6 3.d4 cxd4 4.Nxd4 Nc6 5.Nc3 Qc7 6.Be3 a6 7.Bd3
Nf6 8.O-O Nxd4 9.Bxd4 Bc5 10.Bxf6 gxf6 11.Qg4 Kf8 12.Qh4 Qe5
13.Qh6+ Ke7 14.Qg7 Rf8 15.Qxh7 b5 16.Qh4 Bb7 17.Rae1 Rh8 18.Qg3
Qh5 19.Be2 Qh6 20.Rd1 Bc6 21.h3 b4 22.Nb1 Bxe4 23.Qc7 Bc6 24.Rxd7+
Bxd7 25.Qxc5+ Ke8 26.Rd1 Qf4 27.Rd4 Qc1+ 28.Rd1 Qf4 29.Rd4 Qe5
30.Qxe5 fxe5 31.Rxb4 Ke7 32.b3 Bc6 33.f3 Kd6 34.a4 a5 35.Rb6
Kc5 36.Ra6 Rxa6 37.Bxa6 e4 38.f4 e3 39.Bd3 Kd4 40.Kf1 Rh4 41.Ke2
Bxg2 42.c3+ Kc5 43.Kxe3 Rxh3+ 44.Ke2 Bf1+ 45.Kxf1 Rxd3 46.Ke2
Rh3 47.b4+ axb4 48.cxb4+ Kxb4 49.Nd2 Kc5 50.Ne4+ Kd5 51.Ng5 Rh2+
52.Kf3 f5 53.Nf7 Rh3+ 54.Kf2 Ra3 55.Ng5 Rxa4 56.Ke3 Ra3+ 57.Ke2
e5 58.fxe5 Kxe5 59.Nf7+ Kf4 60.Nd6 Ra2+ 61.Kd3 Kg4 62.Nf7 f4
63.Ke4 Re2+ 64.Kd3 Re7 65.Nh6+ Kg5 0-1

[Event "Êîìàíäíîå ïåð-âî ÐÔ 2012 ã. ïî êëàññè÷åñêèì øàõìàòàì "]
[Site "Ðûáèíñê"]
[Date "2012.08.02"]
[Round "1.82"]
[White "Ìàðêåâè÷ Èëüÿ "]
[Black "Ìåëüíèêîâ Ïåòð "]
[Result "1/2-1/2"]
[WhiteElo "2210"]
[BlackElo "1878"]
[Annotator ""]
[Source ""]
[Remark ""]

1.e4 e6 2.d4 d5 3.Nc3 Nf6 4.Bg5 Be7 5.e5 Nfd7 6.h4 Bxg5 7.hxg5
Qxg5 8.Nh3 Qe7 9.Nf4 g6 10.Bd3 Nc6 11.Qg4 h5 12.Qg3 Nxd4 13.O-O-O
Nc6 14.Ncxd5 exd5 15.Nxd5 h4 16.Qf4 g5 17.Qh2 Qd8 18.e6 Nb6 19.Nxc7+
Kf8 20.Nxa8 Nxa8 21.exf7 Qc7 22.Qg1 Kxf7 23.Qe1 Nb6 24.Kb1 Qe5
25.Qd2 Qf4 26.Qc3 Qe5 27.Qd2 Qf4 28.Qc3 Qe5 29.Qd2 Qf4 1/2-1/2

[Event "Êîìàíäíîå ïåð-âî ÐÔ 2012 ã. ïî êëàññè÷åñêèì øàõìàòàì "]
[Site "Ðûáèíñê"]
[Date "2012.08.02"]
[Round "1.83"]
[White "Õîðñóí Âñåâîëîä "]
[Black "Øïàðòüêî Ãðèãîðèé "]
[Result "0-1"]
[WhiteElo "1882"]
[BlackElo "2122"]
[Annotator ""]
[Source ""]
[Remark ""]

1.e4 c6 2.d4 d5 3.Nc3 dxe4 4.Nxe4 Bf5 5.Ng3 Bg6 6.Nf3 Nd7 7.Bd3
e6 8.O-O Bd6 9.c4 Ngf6 10.b3 Qc7 11.Bb2 Rd8 12.Bxg6 hxg6 13.Re1
Kf8 14.Qe2 Bf4 15.Rad1 Kg8 16.Ne5 Nf8 17.Nf1 Rh5 18.g3 Bh6 19.Nd2
Bxd2 20.Rxd2 N6d7 21.d5 exd5 22.cxd5 Re8 23.d6 Qa5 24.f4 Nxe5
25.fxe5 Nd7 26.Rd3 Re6 27.Re3 Qc5 28.Kh1 Kf8 29.Re4 Ke8 30.Rc1
Qa5 31.Bc3 Qb6 32.Re1 c5 33.Qc4 Qc6 34.Kg1 Nb6 35.Qd3 Nd5 36.Ba1
Kd8 37.Rf1 Rf5 38.Rxf5 gxf5 39.Rh4 g6 40.Qd2 b5 41.Qg5+ Kc8 42.Rh8+
Re8 43.Rxe8+ Qxe8 44.Qd2 Qc6 45.Bb2 c4 46.bxc4 bxc4 47.Bc3 Kd7
48.h4 Ke6 49.h5 gxh5 50.Qh6+ Kd7 51.Be1 Qb6+ 52.Bf2 Qb1+ 53.Kh2
Qxa2 54.Kg2 Qe2 55.Kg1 Qxe5 56.Qf8 Qe8 57.Qh6 c3 58.Qxh5 Qe6 0-1

[Event "Êîìàíäíîå ïåð-âî ÐÔ 2012 ã. ïî êëàññè÷åñêèì øàõìàòàì "]
[Site "Ðûáèíñê"]
[Date "2012.08.02"]
[Round "1.84"]
[White "Ëåæåïåêîâà Âåðîíèêà "]
[Black "Âëàñîâà Äàðüÿ "]
[Result "0-1"]
[WhiteElo "2124"]
[BlackElo "1878"]
[Annotator ""]
[Source ""]
[Remark ""]

1.e4 e5 2.Nf3 Nc6 3.Bc4 Nf6 4.d3 Be7 5.Nbd2 O-O 6.O-O d6 7.c3
Na5 8.Bb5 a6 9.Ba4 b5 10.Bc2 c5 11.d4 cxd4 12.cxd4 Nc6 13.d5
Nb4 14.Bb1 a5 15.Qe2 Rb8 16.Rd1 Na6 17.Bd3 Nc5 18.Nf1 Nxd3 19.Rxd3
Ba6 20.b4 Nxe4 21.Qxe4 f5 22.Qe3 e4 23.Nd4 exd3 24.Nc6 Qc7 25.Nxe7+
Kh8 26.Nc6 Ra8 27.Qxd3 axb4 28.Ng3 f4 29.Nh5 Bb7 30.Bb2 Rf7 31.Qd4
b3 32.axb3 Rxa1+ 33.Bxa1 Kg8 34.Qe4 Bxc6 35.dxc6 Qe7 36.f3 Qxe4
37.fxe4 Rc7 38.Bxg7 Rxc6 39.Bb2 b4 40.Nxf4 Rc2 41.Bf6 Kf7 42.Bh4
Rc3 43.Be1 Rxb3 44.Nd5 Rb1 45.Kf2 b3 46.Bb4 b2 47.Nc3 Rc1 48.Ba3
Rxc3 0-1

[Event "Êîìàíäíîå ïåð-âî ÐÔ 2012 ã. ïî êëàññè÷åñêèì øàõìàòàì "]
[Site "Ðûáèíñê"]
[Date "2012.08.02"]
[Round "1.91"]
[White "Þôôà Äàíèèë "]
[Black "Àðáóçîâ Èâàí "]
[Result "1/2-1/2"]
[WhiteElo "2354"]
[BlackElo "2163"]
[Annotator ""]
[Source ""]
[Remark ""]

1.d4 Nf6 2.c4 g6 3.Nc3 Bg7 4.Nf3 d6 5.g3 O-O 6.Bg2 Nbd7 7.O-O
e5 8.e4 exd4 9.Nxd4 Re8 10.h3 Nc5 11.Re1 Nfd7 12.Be3 c6 13.Qc2
a5 14.b3 Qb6 15.Rab1 Qb4 16.a4 Qb6 17.f4 Qc7 18.Bf2 Na6 19.Na2
Ndc5 20.Rbd1 Bd7 21.g4 h6 22.Nf3 b5 23.cxb5 cxb5 24.axb5 Bxb5
25.Bxc5 Qxc5+ 26.Qxc5 Nxc5 27.e5 dxe5 28.Nxe5 Rad8 29.Rxd8 Rxd8
30.Nc3 Be8 31.Nd5 Kf8 32.Nc7 g5 33.fxg5 hxg5 34.Bd5 Rc8 35.Nxe8
Rxe8 36.Nf3 Rxe1+ 37.Nxe1 Bc3 38.Nf3 f6 39.Kf2 a4 40.bxa4 Nxa4
41.Ke3 1/2-1/2

[Event "Êîìàíäíîå ïåð-âî ÐÔ 2012 ã. ïî êëàññè÷åñêèì øàõìàòàì "]
[Site "Ðûáèíñê"]
[Date "2012.08.02"]
[Round "1.92"]
[White "Ñåðãèåíêî Àíòîí "]
[Black "Êîòëÿð Êèðèëë "]
[Result "0-1"]
[WhiteElo "2111"]
[BlackElo "2292"]
[Annotator ""]
[Source ""]
[Remark ""]

1.d4 Nf6 2.c4 g6 3.Nc3 d5 4.cxd5 Nxd5 5.Nf3 Bg7 6.e3 O-O 7.Bc4
Nb6 8.Be2 c5 9.O-O cxd4 10.Nxd4 Na6 11.b3 Nc5 12.Ba3 Ne6 13.Nxe6
Bxe6 14.Rc1 Rc8 15.Qxd8 Rfxd8 16.Ne4 Bd5 17.Bf3 e6 18.Bc5 Nd7
19.Be7 Rxc1 20.Rxc1 Re8 21.Ba3 Ne5 22.Nd6 Nxf3+ 23.gxf3 Rd8 24.e4
Bc6 25.Kg2 f5 26.Re1 Bf8 27.e5 g5 28.Kg3 Be7 29.f4 g4 30.Re3
h5 31.h4 Bf8 32.Rd3 a5 33.Bc5 Rd7 34.Rd4 Bd5 35.b4 Rc7 36.a3
b6 37.Ne8 bxc5 38.Rxd5 exd5 39.Nxc7 cxb4 40.axb4 axb4 41.Nxd5
b3 42.Nc3 Be7 43.f3 Bb4 44.Nb1 0-1

[Event "Êîìàíäíîå ïåð-âî ÐÔ 2012 ã. ïî êëàññè÷åñêèì øàõìàòàì "]
[Site "Ðûáèíñê"]
[Date "2012.08.02"]
[Round "1.94"]
[White "Ìîêøàíîâà Åëèçàâåòà "]
[Black "Ñàçîíîâà Àíàñòàñèÿ "]
[Result "0-1"]
[WhiteElo "1859"]
[BlackElo "1993"]
[Annotator ""]
[Source ""]
[Remark ""]

1.e4 c5 2.c3 d5 3.exd5 Qxd5 4.d4 Nc6 5.Nf3 Bf5 6.Be3 cxd4 7.Nxd4
Nf6 8.Nxf5 Qxf5 9.Bd3 Qd5 10.O-O O-O-O 11.Bc2 Qxd1 12.Rxd1 Rxd1+
13.Bxd1 Nd5 14.Bg5 e6 15.c4 Nb6 16.Nd2 f5 17.Be3 Bb4 18.Be2 Rd8
19.Nf3 e5 20.a3 Be7 21.g3 e4 22.Ng5 Bf6 23.Rb1 Na4 24.Nxh7 Bxb2
25.Bf1 Nd4 26.Bc1 Bxc1 27.Rxc1 Nf3+ 28.Kg2 Rh8 29.c5 Rxh7 30.h4
Ne5 0-1

[Event "Êîìàíäíîå ïåð-âî ÐÔ 2012 ã. ïî êëàññè÷åñêèì øàõìàòàì "]
[Site "Ðûáèíñê"]
[Date "2012.08.02"]
[Round "1.101"]
[White "Àôàíàñüåâ Äìèòðèé"]
[Black "Ïàñèåâ Ðàõèì, "]
[Result "0-1"]
[WhiteElo "2102"]
[BlackElo "2325"]
[Annotator ""]
[Source ""]
[Remark ""]

1.d4 e6 2.c4 f5 3.g3 Nf6 4.Bg2 d5 5.Nd2 c6 6.Nh3 Bd6 7.O-O O-O
8.Nf3 b6 9.Qc2 Ba6 10.b3 Nbd7 11.Bf4 Qe7 12.Bxd6 Qxd6 13.Nf4
Rac8 14.cxd5 cxd5 15.Qb2 Ne4 16.Rac1 Kf7 17.Rxc8 Rxc8 18.Rc1
Rc7 19.h4 h6 20.h5 Bb5 21.Ng6 a5 22.Rxc7 Qxc7 23.Qa3 Qd6 24.Qc1
Ba6 25.Nfe5+ Nxe5 26.Nxe5+ Kg8 27.Bxe4 dxe4 28.e3 Qb4 29.Kh2
Kh7 30.Ng6 Qd6 31.Qc3 Kg8 32.Kg2 Qd7 33.Ne5 Qb5 34.Qc4 Qxe5 35.Qxa6
Qc7 36.Qb5 Kf7 37.a4 Qd6 38.Kh3 Ke7 39.Kh4 Qc7 40.d5 Qc1 41.d6+
Kf6 42.g4 Qh1+ 43.Kg3 Qg1+ 44.Kh3 Qxg4+ 45.Kh2 Qxh5+ 46.Kg2 Qf3+ 0-1

[Event "Êîìàíäíîå ïåð-âî ÐÔ 2012 ã. ïî êëàññè÷åñêèì øàõìàòàì "]
[Site "Ðûáèíñê"]
[Date "2012.08.02"]
[Round "1.102"]
[White "Êîð÷ìàðü Âàñèëèé"]
[Black "Ðîòìèñòðîâ Àëåêñàíäð"]
[Result "1-0"]
[WhiteElo "2234"]
[BlackElo "1933"]
[Annotator ""]
[Source ""]
[Remark ""]

1.d4 Nf6 2.c4 e6 3.g3 d5 4.Nf3 Be7 5.Bg2 O-O 6.O-O c6 7.Qc2 Nbd7
8.Bf4 b6 9.Nc3 Ba6 10.cxd5 exd5 11.Rfe1 Re8 12.Rad1 Bb7 13.Ne5
Rc8 14.e4 dxe4 15.Nxe4 Nd5 16.Bh3 Nxe5 17.dxe5 Rc7 18.e6 Nxf4
19.gxf4 Qb8 20.exf7+ Kxf7 21.Be6+ Kf8 22.Nd6 Bxd6 23.Qf5+ 1-0

[Event "Êîìàíäíîå ïåð-âî ÐÔ 2012 ã. ïî êëàññè÷åñêèì øàõìàòàì "]
[Site "Ðûáèíñê"]
[Date "2012.08.02"]
[Round "1.103"]
[White "Ïîãîñÿí Àâåòèê "]
[Black "Åðàìÿí Ãàìëåò"]
[Result "0-1"]
[WhiteElo "1802"]
[BlackElo "2070"]
[Annotator ""]
[Source ""]
[Remark ""]

1.d4 Nf6 2.c4 c5 3.d5 d6 4.Nc3 g6 5.Nf3 Bg7 6.h3 O-O 7.Bf4 Qa5
8.Qd2 a6 9.a4 b5 10.cxb5 axb5 11.Nxb5 Qxb5 12.e3 Qb4 13.Qxb4
cxb4 14.Bc4 Ba6 15.Bxa6 Nxa6 16.O-O Nxd5 17.Bh2 Bxb2 18.Rab1
Ba3 19.Nd4 Nc5 20.Nc6 Ra6 21.Nd4 Nc3 22.Ra1 Bb2 23.Rae1 Nd3 24.Rd1
Nxd1 25.Rxd1 Bxd4 26.Rxd3 Be5 27.f4 Bf6 28.e4 Rxa4 29.e5 Bg7
30.exd6 exd6 31.Rxd6 b3 32.f5 b2 33.Rd1 Ra1 0-1

[Event "Êîìàíäíîå ïåð-âî ÐÔ 2012 ã. ïî êëàññè÷åñêèì øàõìàòàì "]
[Site "Ðûáèíñê"]
[Date "2012.08.02"]
[Round "1.111"]
[White "Þäèí Èâàí"]
[Black "Êðîëü Äìèòðèé "]
[Result "1-0"]
[WhiteElo "2268"]
[BlackElo "1790"]
[Annotator ""]
[Source ""]
[Remark ""]

1.d4 Nf6 2.c4 e6 3.Nc3 Bb4 4.f3 d5 5.a3 Bxc3+ 6.bxc3 O-O 7.cxd5
exd5 8.e3 Bf5 9.Ne2 Nbd7 10.Ng3 Bg6 11.Bd3 Re8 12.O-O c5 13.Bxg6
hxg6 14.Qd3 Qb6 15.Ra2 Re6 16.Re2 Rae8 17.Kh1 Qc6 18.Bb2 Nb6
19.Ba1 Nc4 20.e4 cxd4 21.cxd4 Qa4 22.e5 Nd7 23.f4 Qxa3 24.Bc3
Rc6 25.Qf3 Ncb6 26.Re3 Rec8 27.Be1 Qa1 28.f5 Qxd4 29.fxg6 fxg6
30.Ne2 Qc5 31.Qf7+ Kh7 32.Rh3# 1-0

[Event "Êîìàíäíîå ïåð-âî ÐÔ 2012 ã. ïî êëàññè÷åñêèì øàõìàòàì "]
[Site "Ðûáèíñê"]
[Date "2012.08.02"]
[Round "1.112"]
[White "Äóãèí Àíäðåé "]
[Black "Ãðèøèí Àëåêñàíäð"]
[Result "0-1"]
[WhiteElo "1793"]
[BlackElo "2229"]
[Annotator ""]
[Source ""]
[Remark ""]

1.e4 c6 2.d4 d5 3.f3 Nf6 4.e5 Nfd7 5.f4 e6 6.Nf3 c5 7.c3 Nc6
8.a3 a5 9.Bd3 b6 10.O-O Ba6 11.f5 Be7 12.a4 Nf8 13.Na3 exf5 14.Bxa6
Rxa6 15.Qd3 Qc8 16.Nb5 c4 17.Qc2 Qd7 18.Nd6+ Bxd6 19.exd6 Qxd6
20.Qxf5 Ne6 21.Ng5 Qe7 22.Qxf7+ Qxf7 23.Nxf7 O-O 24.Nd6 Rxf1+
25.Kxf1 Ra8 26.Kg1 Ne7 27.b3 Rd8 28.Ba3 Nc8 29.Re1 Nxd6 30.Rxe6
cxb3 31.Bxd6 b2 32.Re1 Rxd6 33.Rb1 Kf7 34.Rxb2 Ke6 35.Kf2 Kd7
36.Ke3 Kc6 37.Kd3 Rh6 38.h3 Rg6 39.Re2 Rg3+ 40.Kc2 b5 41.Re6+
Kd7 42.Re5 Rxg2+ 43.Kb3 bxa4+ 44.Kxa4 Kd6 45.Rh5 Rg3 46.Rxh7
Rxc3 47.Rxg7 Rc4+ 48.Kxa5 Rxd4 49.Kb5 Rd3 50.h4 Rb3+ 51.Ka4 Rb8
52.h5 d4 53.h6 d3 54.Rg3 Kc5 55.Ka3 d2 56.Rg1 Kc4 57.h7 Kd3 58.Rh1
Kc2 59.Rh2 Rh8 0-1

[Event "Êîìàíäíîå ïåð-âî ÐÔ 2012 ã. ïî êëàññè÷åñêèì øàõìàòàì "]
[Site "Ðûáèíñê"]
[Date "2012.08.02"]
[Round "1.113"]
[White "Ïèñêîâåö Íèêèòà"]
[Black "×èñòÿêîâà Äàðüÿ"]
[Result "1-0"]
[WhiteElo "1104"]
[BlackElo "1643"]
[Annotator ""]
[Source ""]
[Remark ""]

1.d4 f5 2.c4 Nf6 3.Nc3 g6 4.h4 Bg7 5.h5 Nxh5 6.e4 fxe4 7.Rxh5
gxh5 8.Qxh5+ Kf8 9.Bh6 e6 10.Nxe4 d5 11.Bxg7+ Kxg7 12.Qe5+ Kg6
13.Ng5 Nc6 14.Bd3+ Kh5 15.g4+ Kxg4 16.Be2+ Kh4 17.Qg3# 1-0

[Event "Êîìàíäíîå ïåð-âî ÐÔ 2012 ã. ïî êëàññè÷åñêèì øàõìàòàì "]
[Site "Ðûáèíñê"]
[Date "2012.08.02"]
[Round "1.114"]
[White "Áîðèñîâà Ïîëèíà"]
[Black "Ïàðàìçèíà Àíàñòàñèÿ"]
[Result "0-1"]
[WhiteElo "1561"]
[BlackElo "2021"]
[Annotator ""]
[Source ""]
[Remark ""]

1.e4 c5 2.Nf3 d6 3.d4 cxd4 4.Nxd4 Nf6 5.Nc3 a6 6.Bc4 e6 7.Bb3
Nbd7 8.Be3 Nc5 9.f3 Be7 10.Qd2 h5 11.h3 Qc7 12.O-O-O h4 13.Rdg1
g6 14.g4 hxg3 15.Rxg3 d5 16.Rg2 e5 17.Nde2 d4 18.Bxd4 exd4 19.Nxd4
Rxh3 20.Rxh3 Bxh3 21.Rg1 {%07-2079978489} Bd6 22.Kb1 O-O-O 23.Qf2
Nxb3 24.Nxb3 Be6 25.Rd1 Bxb3 26.axb3 Qc5 27.Qh4 Be7 28.Rxd8+
Bxd8 29.Qf4 Qd4 30.Ne2 Qd1+ 31.Nc1 Qd7 32.e5 Nd5 33.Qc4+ Bc7
34.f4 Qc6 0-1

[Event "Êîìàíäíîå ïåð-âî ÐÔ 2012 ã. ïî êëàññè÷åñêèì øàõìàòàì "]
[Site "Ðûáèíñê"]
[Date "2012.08.02"]
[Round "1.121"]
[White "Ìàëûøåâ Ãðèãîðèé "]
[Black "Áîÿðñêèé Àëåêñàíäð "]
[Result "0-1"]
[WhiteElo "2003"]
[BlackElo "2210"]
[Annotator ""]
[Source ""]
[Remark ""]

1.d4 d5 2.c4 c6 3.Nf3 Nf6 4.Nc3 a6 5.c5 b6 6.b4 a5 7.bxa5 bxc5
8.dxc5 Qxa5 9.Qc2 Ne4 10.Bd2 Qxc5 11.e3 Nxd2 12.Nxd2 g6 13.Rc1
Bg7 14.Ndb1 O-O 15.Bd3 Na6 16.a3 Qa5 17.O-O Bd7 18.Rfd1 e6 19.Bf1
c5 20.e4 d4 21.Bc4 Bh6 22.e5 Bc6 23.Ne2 Ba4 24.Qd3 Bxd1 25.Rxd1
Nc7 26.Qh3 Bg7 27.f4 Nd5 28.Bxd5 exd5 29.Qf3 Qb5 30.Nd2 Qb2 31.Qxd5
Qxa3 32.Nc4 Qb3 33.Rc1 Rfd8 34.Qf3 d3 35.Nd6 Qa3 36.Rc3 dxe2 0-1

[Event "Êîìàíäíîå ïåð-âî ÐÔ 2012 ã. ïî êëàññè÷åñêèì øàõìàòàì "]
[Site "Ðûáèíñê"]
[Date "2012.08.02"]
[Round "1.122"]
[White "Ñóòîðìèí Äàíèëà "]
[Black "Àãàôîíöåâà Ñîôüÿ "]
[Result "1-0"]
[WhiteElo "2224"]
[BlackElo "1618"]
[Annotator ""]
[Source ""]
[Remark ""]

1.e4 c5 2.Nf3 Nc6 3.d4 cxd4 4.Nxd4 Nf6 5.Nc3 d6 6.Bg5 e6 7.Qd2
Be7 8.O-O-O d5 9.Bb5 Bd7 10.exd5 Nxd5 11.Bxe7 Ncxe7 12.Nxd5 Nxd5
13.c4 Rc8 14.Kb1 Bxb5 15.cxd5 Qxd5 16.Qb4 Qe4+ 17.Ka1 a6 18.Rhe1
Qf4 19.g3 Qg5 20.Qd6 Rd8 21.Qa3 Qd5 22.f4 g6 23.g4 h5 24.f5 Rd6
25.fxe6 fxe6 26.Qg3 Kd7 27.Qg1 Qc4 28.Nxb5 axb5 29.Rxd6+ Kxd6
30.Qb6+ Ke7 31.Qxb7+ Kf6 32.g5+ Kxg5 33.Qg7 Qf4 34.Qxh8 1-0

[Event "Êîìàíäíîå ïåð-âî ÐÔ 2012 ã. ïî êëàññè÷åñêèì øàõìàòàì "]
[Site "Ðûáèíñê"]
[Date "2012.08.02"]
[Round "1.124"]
[White "×õàíü Âèêòîðèÿ "]
[Black "Ìàíäðûêèíà Çîÿ "]
[Result "1-0"]
[WhiteElo "2058"]
[BlackElo "1742"]
[Annotator ""]
[Source ""]
[Remark ""]

1.d4 Nf6 2.c4 d6 3.Nc3 Nbd7 4.e4 e5 5.Nge2 Be7 6.f3 O-O 7.Ng3
Ne8 8.Be2 Bg5 9.O-O g6 10.f4 exf4 11.Bxf4 Bxf4 12.Rxf4 Ng7 13.Rf2
c6 14.Qd2 a6 15.a4 Qa5 16.Raf1 Qb4 17.Qg5 f6 18.Qd2 Ne8 19.h4
Nb6 20.b3 Be6 21.h5 Rf7 22.Bd3 Rg7 23.Qc2 1-0

[Event "Êîìàíäíîå ïåð-âî ÐÔ 2012 ã. ïî êëàññè÷åñêèì øàõìàòàì "]
[Site "Ðûáèíñê"]
[Date "2012.08.02"]
[Round "1.131"]
[White "Âàñåïöîâ Ìàêñèì "]
[Black "Ñïèðèäîíîâ Åâãåíèé "]
[Result "1-0"]
[WhiteElo "2240"]
[BlackElo "1911"]
[Annotator ""]
[Source ""]
[Remark ""]

1.e4 d6 2.d4 Nf6 3.Nc3 Nbd7 4.Nf3 e5 5.g4 Nxg4 6.Rg1 Ngf6 7.Bc4
exd4 8.Qxd4 Nb6 9.Ng5 Nxc4 10.Qxc4 Qe7 11.Nb5 c6 12.Nxd6+ Qxd6
13.Qxf7+ Kd8 14.Bf4 Qxf4 15.Rd1+ Bd6 16.Qxg7 Rg8 17.Rxd6+ Qxd6
18.Qxg8+ Nxg8 19.Nf7+ Ke7 20.Nxd6 Kf8 21.f4 b6 22.Ke2 Ne7 23.Ke3
Be6 24.f5 Bg8 25.c4 Rd8 26.e5 Nc8 27.Nxc8 Rxc8 28.b3 Rd8 29.Ke4
Rd2 30.e6 Re2+ 31.Kf4 h6 32.Rg6 Bh7 33.Rxh6 Kg7 34.Rh5 b5 35.cxb5
cxb5 36.f6+ Kg6 37.f7 Kxh5 38.e7 Rxe7 39.f8Q Re4+ 40.Kf3 Bg6
41.Qf6 Re1 42.Qh8+ Kg5 43.Qd8+ Kh5 44.h4 Rf1+ 45.Kg3 Rg1+ 46.Kf2
Rg4 47.Qh8+ 1-0

[Event "Êîìàíäíîå ïåð-âî ÐÔ 2012 ã. ïî êëàññè÷åñêèì øàõìàòàì "]
[Site "Ðûáèíñê"]
[Date "2012.08.02"]
[Round "1.132"]
[White "Äîðîíèí Àíäðåé "]
[Black "Áàéãèëüäèí Àëüáåðò "]
[Result "0-1"]
[WhiteElo "1747"]
[BlackElo "2170"]
[Annotator ""]
[Source ""]
[Remark ""]

1.e4 e5 2.Nf3 Nc6 3.Bc4 Bc5 4.d3 Nf6 5.Nc3 d6 6.Bg5 h6 7.Bh4
g5 8.Bg3 Be6 9.Bxe6 fxe6 10.h4 g4 11.Nd2 Qe7 12.Nb3 Bb6 13.Na4
O-O-O 14.Nxb6+ axb6 15.a4 d5 16.exd5 exd5 17.c3 e4 18.d4 e3 19.Qe2
exf2+ 20.Bxf2 Ne4 21.Qxg4+ Kb8 22.Qe2 Qg7 23.Nd2 Rde8 24.Nxe4
Rxe4 25.Be3 Rhe8 26.Rh3 Na5 27.Kf2 Nc4 28.Rg3 Qe7 29.Re1 Qxh4
30.Qf3 Nxe3 31.Kg1 Ng4 32.Rxe4 Rxe4 33.Qf8+ Ka7 34.Rxg4 Re1+
35.Qf1 Rxf1+ 36.Kxf1 Qxg4 37.Kf2 c5 38.dxc5 bxc5 39.g3 d4 40.cxd4
cxd4 41.b3 d3 42.Ke3 Qe2+ 43.Kf4 d2 44.b4 d1R 45.b5 Rf1# 0-1

[Event "Êîìàíäíîå ïåð-âî ÐÔ 2012 ã. ïî êëàññè÷åñêèì øàõìàòàì "]
[Site "Ðûáèíñê"]
[Date "2012.08.02"]
[Round "1.133"]
[White "Èâàíîâ Ñòåïàí "]
[Black "Ñîêîëîâ Íèêèòà "]
[Result "1-0"]
[WhiteElo "2044"]
[BlackElo "1684"]
[Annotator ""]
[Source ""]
[Remark ""]

1.d4 d5 2.c4 c6 3.Nc3 Nf6 4.Nf3 e6 5.Bg5 h6 6.Bh4 Be7 7.e3 O-O
8.Bd3 Nbd7 9.O-O b6 10.Rc1 Bb7 11.cxd5 exd5 12.Qe2 Ne4 13.Bxe7
Qxe7 14.Ba6 Rab8 15.Bxb7 Rxb7 16.Qa6 Rfb8 17.Rfd1 f5 18.Qa4 b5
19.Qa6 Nb6 20.Nxe4 fxe4 21.Ne5 Rc8 22.Rxc6 Rxc6 23.Nxc6 Qd7 24.Ne5
Qe7 25.Qxb5 Qc7 26.a4 Qc2 27.Ra1 Rc7 28.h3 Rc8 29.a5 Rf8 30.Rf1
Na4 31.Qxd5+ Kh7 32.Qc6 Qxc6 33.Nxc6 Nxb2 34.Nxa7 Nd3 35.f3 exf3
36.Rxf3 Ra8 37.Nc6 Ra6 38.d5 Nc5 39.Rf4 Nb3 40.Ra4 Nc5 41.Rb4
Nd7 42.e4 1-0

[Event "Êîìàíäíîå ïåð-âî ÐÔ 2012 ã. ïî êëàññè÷åñêèì øàõìàòàì "]
[Site "Ðûáèíñê"]
[Date "2012.08.02"]
[Round "1.141"]
[White "Âåêëè÷ Èãîðü "]
[Black "Ëåïêàñîâ Âëàäèñëàâ "]
[Result "0-1"]
[WhiteElo "1783"]
[BlackElo "2171"]
[Annotator ""]
[Source ""]
[Remark ""]

1.e4 c5 2.Nf3 d6 3.d4 cxd4 4.Nxd4 Nf6 5.Nc3 a6 6.a4 e5 7.Nf3
Be7 8.Bc4 Be6 9.Ba2 Nc6 10.Qe2 O-O 11.O-O Rc8 12.Rd1 Bxa2 13.Rxa2
Qc7 14.Be3 Rfd8 15.Raa1 Rd7 16.Rac1 Nb4 17.Bg5 Ne8 18.Bxe7 Rxe7
19.Nd5 Nxd5 20.Rxd5 Qc4 21.Qe3 Qxa4 22.b3 Qc6 23.Qg5 Re6 24.Nh4
h6 25.Qe3 Nf6 26.Qf3 Qc3 27.Rd3 Qb2 28.Rdd1 Rxc2 29.Rb1 Qc3 30.Rd3
Rc1+ 31.Rxc1 Qxc1+ 32.Rd1 Qc2 33.Re1 Qd2 34.Rf1 Qb4 35.g3 Qxe4
36.Qc3 Re8 37.Re1 Qg4 38.Rc1 d5 39.Qc2 e4 40.Qc7 d4 41.Qxb7 d3
42.Qb4 Qh3 43.Qa4 d2 44.Rd1 e3 45.fxe3 Rxe3 46.Qb4 Re2 0-1

[Event "Êîìàíäíîå ïåð-âî ÐÔ 2012 ã. ïî êëàññè÷åñêèì øàõìàòàì "]
[Site "Ðûáèíñê"]
[Date "2012.08.02"]
[Round "1.142"]
[White "Èïàòîâ Àëåêñàíäð "]
[Black "Ïðèïîëçèí Àíòîí "]
[Result "1-0"]
[WhiteElo "2159"]
[BlackElo "1688"]
[Annotator ""]
[Source ""]
[Remark ""]

1.e4 d6 2.d4 Nf6 3.Nc3 g6 4.f3 Bg7 5.Be3 O-O 6.Qd2 c6 7.Nge2
b5 8.g4 Nbd7 9.g5 Ne8 10.Ng3 e5 11.f4 b4 12.Nd1 c5 13.dxe5 dxe5
14.f5 Qc7 15.Nf2 Bb7 16.O-O-O Nb6 17.f6 c4 18.fxg7 Nxg7 19.Qxb4
Rac8 20.c3 Ne6 21.Bh3 Rce8 22.Bxe6 Rxe6 23.Ng4 Nd7 24.Rxd7 Qxd7
25.Nf6+ Rxf6 26.gxf6 Qd3 27.Bh6 Rb8 28.Rd1 Qf3 29.Qd6 Re8 30.Qd7 1-0

[Event "Êîìàíäíîå ïåð-âî ÐÔ 2012 ã. ïî êëàññè÷åñêèì øàõìàòàì "]
[Site "Ðûáèíñê"]
[Date "2012.08.02"]
[Round "1.143"]
[White "Ìèíååâ Ñòàíèñëàâ "]
[Black "Åðìîëàåâ Åâãåíèé "]
[Result "0-1"]
[WhiteElo "1716"]
[BlackElo "2161"]
[Annotator ""]
[Source ""]
[Remark ""]

1.d4 Nf6 2.c4 g6 3.Nc3 Bg7 4.e4 d6 5.Nf3 O-O 6.Be2 Nbd7 7.O-O
e5 8.Bg5 h6 9.Bh4 Re8 10.d5 g5 11.Bg3 Nc5 12.Nd2 a5 13.a3 a4
14.f3 Bd7 15.Bf2 b6 16.Qc2 h5 17.Be3 Bh6 18.Kh1 h4 19.Bd1 Nh5
20.Ne2 Qf6 21.Qc3 Qg6 22.h3 Kh7 23.Kh2 Rg8 24.Rg1 Rg7 25.Bc2
Nf4 26.Nxf4 gxf4 27.Bf2 Rag8 28.Raf1 Qh5 29.Bb1 Rg3 30.Bxc5 bxc5
31.Qd3 Qg5 32.Qe2 Bxh3 0-1

[Event "Êîìàíäíîå ïåð-âî ÐÔ 2012 ã. ïî êëàññè÷åñêèì øàõìàòàì "]
[Site "Ðûáèíñê"]
[Date "2012.08.02"]
[Round "1.152"]
[White "Þìøàíîâ Ëåîíèä "]
[Black "Êîæåâíèêîâ Èâàí "]
[Result "0-1"]
[WhiteElo "1715"]
[BlackElo "2073"]
[Annotator ""]
[Source ""]
[Remark ""]

1.Nf3 Nf6 2.g3 g6 3.Bg2 Bg7 4.O-O O-O 5.d3 d6 6.e4 c5 7.Nbd2
Nc6 8.c3 b5 9.Qc2 Bd7 10.h3 Rb8 11.Nh4 b4 12.Nc4 bxc3 13.bxc3
Be6 14.Ne3 Ne8 15.Nd5 Bxd5 16.exd5 Nb4 17.cxb4 Bxa1 18.Bh6 Bg7
19.Bxg7 Nxg7 20.bxc5 dxc5 21.Qxc5 Qd7 22.Qc6 Rfd8 23.d4 h6 24.Re1
Rb6 25.Qxd7 Rxd7 26.Rc1 Rb2 27.Rc8+ Kh7 28.Rf8 f5 29.g4 Rxa2
30.gxf5 gxf5 31.Rf7 Kg8 0-1

[Event "Êîìàíäíîå ïåð-âî ÐÔ 2012 ã. ïî êëàññè÷åñêèì øàõìàòàì "]
[Site "Ðûáèíñê"]
[Date "2012.08.02"]
[Round "1.153"]
[White "Åëåöêèé Þðèé "]
[Black "Êîïåíêèí Êèðèëë "]
[Result "1/2-1/2"]
[WhiteElo "2115"]
[BlackElo "2015"]
[Annotator ""]
[Source ""]
[Remark ""]

1.d4 Nf6 2.c4 g6 3.Nc3 Bg7 4.e4 d6 5.Be2 O-O 6.Bg5 c5 7.d5 e6
8.Nf3 h6 9.Bh4 e5 10.Nd2 a6 11.a4 Qc7 12.O-O Nh7 13.f3 f5 14.Bf2
f4 15.Rb1 a5 16.Nb5 Qe7 17.Nb3 b6 18.Nc1 g5 19.Nd3 h5 20.Ra1
Bh6 21.Be1 Rf6 22.Bc3 Nd7 23.b3 Rg6 24.g4 h4 25.h3 Bg7 26.Kg2
Nhf6 27.Kf2 Ne8 28.Ke1 Kh7 29.Kd2 Kg8 30.Kc1 Kh7 31.Ne1 Bf6 32.Bd3
Kh8 33.Ng2 Rg7 34.Be2 Rg6 35.Qc2 Rg7 36.Ne1 Kh7 37.Nd3 Kh6 38.Kb1
Kh7 39.Re1 Kh6 40.Bf1 Kh7 41.Re2 Kh6 42.Bg2 Kh7 43.Bh1 Kh6 44.Ka2
Kh7 45.Rg1 Kh6 46.Be1 Nf8 47.Kb1 Ng6 1/2-1/2

[Event "Êîìàíäíîå ïåð-âî ÐÔ 2012 ã. ïî êëàññè÷åñêèì øàõìàòàì "]
[Site "Ðûáèíñê"]
[Date "2012.08.02"]
[Round "1.161"]
[White "Àâàêÿí Àðìåí "]
[Black "Ñàâèöêèé Ñåðãåé "]
[Result "1/2-1/2"]
[WhiteElo "1815"]
[BlackElo "2368"]
[Annotator ""]
[Source ""]
[Remark ""]

1.e4 c5 2.Nf3 d6 3.d4 cxd4 4.Nxd4 Nf6 5.Nc3 a6 6.f3 e5 7.Nb3
Be6 8.Be3 Nbd7 9.Qd2 Rc8 10.g4 Nb6 11.g5 Nfd7 12.O-O-O Qc7 13.f4
exf4 14.Bxf4 Ne5 15.Nd4 Nbc4 16.Nxe6 fxe6 17.Qd4 Be7 18.Bxc4
Qxc4 19.Bxe5 Bxg5+ 20.Kb1 dxe5 21.Qd7+ Kf8 22.Qxb7 Bf6 23.Rd7
Qc6 24.Rxg7 Qxb7 25.Rxb7 Bd8 26.Rf1+ Ke8 27.Rff7 h5 28.Kc1 h4
29.Kd1 Rg8 30.Rh7 Rc6 31.Rbd7 Rg1+ 32.Ke2 Rg2+ 33.Kf3 Rg8 34.Rhg7
Rf8+ 35.Ke2 Bf6 36.Rh7 Rg8 37.Rdf7 Rg6 38.Rd7 Rg8 39.Rdf7 Rg6
40.Rd7 Rg8 41.Rdf7 1/2-1/2

[Event "Êîìàíäíîå ïåð-âî ÐÔ 2012 ã. ïî êëàññè÷åñêèì øàõìàòàì "]
[Site "Ðûáèíñê"]
[Date "2012.08.02"]
[Round "1.171"]
[White "Ãîðáóøèí Ìàêñèì "]
[Black "Ïåòðîâ Àíòîí "]
[Result "1-0"]
[WhiteElo "2200"]
[BlackElo "1627"]
[Annotator ""]
[Source ""]
[Remark ""]

1.c4 e5 2.g3 c6 3.Nc3 Nf6 4.Nf3 d6 5.Bg2 Bf5 6.O-O Be7 7.d4 Qc7
8.Ne1 O-O 9.e4 Bg4 10.f3 Bh5 11.Be3 Nbd7 12.Qd2 Nb6 13.b3 Rad8
14.Rc1 Rfe8 15.Qf2 Rc8 16.h3 h6 17.f4 exf4 18.gxf4 Bg6 19.e5
Nfd7 20.exd6 Bxd6 21.c5 Bf8 22.cxb6 axb6 23.Nf3 Bb4 24.Ne5 Nxe5
25.dxe5 b5 26.Nxb5 Qe7 27.Nd4 Red8 28.f5 Bh7 29.Qg3 Kh8 30.f6
gxf6 31.exf6 Qf8 32.Nf5 Bxf5 33.Rxf5 Qg8 34.Qxg8+ Rxg8 35.Bxh6
Kh7 36.Bg7 Rce8 {%07-2072306572} 37.Rc4 Bd2 38.Rg4 Be3+ 39.Kf1
Rxg7 40.Rxg7+ Kh6 41.Bf3 1-0

[Event "Êîìàíäíîå ïåð-âî ÐÔ 2012 ã. ïî êëàññè÷åñêèì øàõìàòàì "]
[Site "Ðûáèíñê"]
[Date "2012.08.03"]
[Round "2.11"]
[White "Ïàñèåâ Ðàõèì "]
[Black "Öâåòêîâ Ïàâåë "]
[Result "1-0"]
[WhiteElo "2325"]
[BlackElo "2240"]
[Annotator ""]
[Source ""]
[Remark ""]

1.d4 Nf6 2.Nc3 d5 3.Bg5 Bf5 4.e3 e6 5.Bd3 Bg6 6.Nf3 c5 7.Ne5
Nc6 8.O-O Bd6 9.Nxc6 bxc6 10.Qf3 Bxd3 11.cxd3 cxd4 12.exd4 h6
13.Bh4 Be7 14.Na4 Qa5 15.b3 Qb4 16.Rac1 Rc8 17.Qe3 Ng4 18.Bxe7
Qxe7 19.Qg3 h5 20.h3 Nf6 21.Qxg7 Rg8 22.Qh6 Rg6 23.Qf4 Nd7 24.Rc2
Qb4 25.Qe3 Ke7 26.Nc3 Rcg8 27.g3 Qd6 28.Ne2 h4 29.Kg2 Nf6 30.Qe5
Qxe5 31.dxe5 Nd7 32.Rxc6 Nxe5 33.Rc7+ Kf6 34.d4 Nd3 35.Rxa7 Rc8
36.Rd1 Nb4 37.Rc1 Rxc1 38.Nxc1 Rg8 39.Rc7 Na6 40.Rc3 Kf5 41.Kf3
e5 42.dxe5 Kxe5 43.a3 Rg6 44.b4 Rf6+ 45.Ke2 Kd4 46.Rc8 Re6+ 47.Kd2
Re7 48.Nb3+ Ke4 49.b5 Nc7 50.b6 Nb5 51.b7 1-0